000 00619cam a22002052 4500
001 0000000018
005 20151217161124.0
008 070103s xx 000 0 eng d
020 _a0521604982 :
_cGBP18.75
040 _aKABU
_cKABU
050 0 _aPE1628
_b.C36 2005
245 1 0 _aCambridge advanced learner's dictionary.
250 _a 2nd ed.
260 _aCambridge :
_bCambridge University Press,
_c2005.
300 _a1572 p. :
_bill. ;
_c24 cm.
650 0 _aEnglish language
_vDictionaries.
_@0000148334
908 _a070103
950 _@1
999 _c14810
_d14810